ARRUPE JESUIT UNIVERSITY

CORONAVIRUS -STOP THE SPREAD - CLEAN,DISINFECT,COVER

Modern movements in European philosophy / (Record no. 4830)

MARC details
000 -LEADER
fixed length control field 01288cam a2200337 a 4500
001 - CONTROL NUMBER
control field 3015158
005 - DATE AND TIME OF LATEST TRANSACTION
control field 20170719111840.0
008 - FIXED-LENGTH DATA ELEMENTS--GENERAL INFORMATION
fixed length control field 940620s1995 enk b 000 0 eng
010 ## - LIBRARY OF CONGRESS CONTROL NUMBER
LC control number 94026467
020 ## - INTERNATIONAL STANDARD BOOK NUMBER
International Standard Book Number 0719043840
020 ## - INTERNATIONAL STANDARD BOOK NUMBER
International Standard Book Number 0719042488 (pbk.)
040 ## - CATALOGING SOURCE
Original cataloging agency DLC
Transcribing agency DLC
Modifying agency DLC
043 ## - GEOGRAPHIC AREA CODE
Geographic area code e------
050 00 - LIBRARY OF CONGRESS CALL NUMBER
Classification number B804
Item number .K363 1994
082 00 - DEWEY DECIMAL CLASSIFICATION NUMBER
Classification number 142
Edition number 20
100 1# - MAIN ENTRY--PERSONAL NAME
Personal name Kearney, Richard.
9 (RLIN) 33386
245 10 - TITLE STATEMENT
Title Modern movements in European philosophy /
Statement of responsibility, etc Richard Kearney.
250 ## - EDITION STATEMENT
Edition statement 2nd ed.
260 ## - PUBLICATION, DISTRIBUTION, ETC. (IMPRINT)
Place of publication, distribution, etc Manchester ;
-- New York :
Name of publisher, distributor, etc Manchester University Press,
Date of publication, distribution, etc c1994.
300 ## - PHYSICAL DESCRIPTION
Extent 367 p. ;
Dimensions 21 cm.
504 ## - BIBLIOGRAPHY, ETC. NOTE
Bibliography, etc Includes bibliographical references (p. [343]-367).
650 #0 - SUBJECT ADDED ENTRY--TOPICAL TERM
Topical term or geographic name as entry element Philosophy, Modern
Chronological subdivision 20th century.
9 (RLIN) 33387
650 #0 - SUBJECT ADDED ENTRY--TOPICAL TERM
Topical term or geographic name as entry element Philosophy, European
Chronological subdivision 20th century.
9 (RLIN) 18054
856 42 - ELECTRONIC LOCATION AND ACCESS
Materials specified Publisher description
Uniform Resource Identifier <a href="http://www.loc.gov/catdir/enhancements/fy0601/94026467-d.html">http://www.loc.gov/catdir/enhancements/fy0601/94026467-d.html</a>
906 ## - LOCAL DATA ELEMENT F, LDF (RLIN)
a 7
b cbc
c orignew
d 1
e ocip
f 19
g y-gencatlg
942 ## - ADDED ENTRY ELEMENTS (KOHA)
Source of classification or shelving scheme Library of Congress Classification
Item type Monograph ( Printed materials)
Holdings
Withdrawn status Lost status Source of classification or shelving scheme Damaged status Not for loan Collection code Home library Current library Shelving location Date acquired Total Checkouts Full call number Barcode Date last seen Date last borrowed Copy number Price effective from Koha item type
    Library of Congress Classification     Main Collection ARRUPE LIBRARY ARRUPE LIBRARY   27/02/2013 12 B804.K363 1994 46409205 21/05/2025 06/02/2019 1 27/02/2013 Monograph ( Printed materials)

 

Arrupe Library. PO Box MP320 Mt Pleasant, Harare, Zimbabwe
263 242 745411|librarian@aju.ac.zw